Greeks and barbarians /

محفوظ في:

المؤلف الرئيسي: Vlassopoulos, Kostas, 1977- (مؤلف)

التنسيق: كتاب

اللغة: English

منشور في: Cambridge ; New York : Cambridge University Press, 2013.

الموضوعات:

الوسوم: إضافة وسم

لا توجد وسوم, كن أول من يضع وسما على هذه التسجيلة!

رقم الطلب: DF78 .V63 2013

LEADER 01002namaa2200301 4500
001 23519
003 OSt
005 20251223115539.0
008 130303s2013 enk b 001 0 eng d
010 |a 2012044105 
020 |a 9780521148023 
040 |c ARCE Library 
043 |a e-gr---  |a mm----- 
050 4 |a DF78 .V63 2013 
100 1 |a Vlassopoulos, Kostas,   |d 1977-,   |e author  |9 41721 
245 1 0 |a Greeks and barbarians /  |c Kostas Vlassopoulos. 
264 1 |a Cambridge ;  |a New York :  |b Cambridge University Press,  |c 2013. 
300 |a xxii, 392 pages ;   |c 25 cm. 
504 |a Includes bibliographical references and index. 
650 0 |a Hellenism  |x History. 
651 0 |a Greece  |x Civilization  |y To 146 B.C. 
651 0 |a Mediterranean Region  |x Civilization  |x Greek influences. 
651 0 |a Mediterranean Region  |x History  |y To 476. 
651 0 |a Greece  |x Relations  |z Mediterranean Region. 
651 0 |a Mediterranean Region  |x Relations  |z Greece. 
901 |a reviewed 
942 |c BK  |2 lcc 
999 |c 23570  |d 23570